000 00600cam a22002293a 4500
001 9655
003 PGUSA
005 20140828083214.0
008 060101s2006||||xxu|||||s|||||000 1 eng d
040 _aPGUSA
_beng
042 _adc
050 4 _aPQ
100 1 _aVigny, Alfred de,
_d1797-1863
245 1 0 _aStello
_h[electronic resource] /
_cAlfred de Vigny
260 _bProject Gutenberg,
_c2006
506 _aPublic domain in the USA.
516 _aElectronic text
653 _aFiction
830 0 _aProject Gutenberg
_v9655
856 4 0 _uhttp://www.gutenberg.org/ebooks/9655
942 _cEB
999 _c238911
_d238911